Museo y galería nacional de Capodimonte
Sparad:
| Huvudupphovsman: | |
|---|---|
| Materialtyp: | Bok |
| Språk: | spanska |
| Publicerad: |
Madrid
Codex
1967
|
| Serie: | <El >Mundo de los Museos
|
| Ämnen: | |
| Taggar: |
Lägg till en tagg
Inga taggar, Lägg till första taggen!
|
MARC
| LEADER | 00000nam a2200000 a 4500 | ||
|---|---|---|---|
| 001 | UCT4725 | ||
| 003 | CL-VaPUC | ||
| 008 | 961122e19670000SP |||||||||||||||||spa|d | ||
| 082 | 0 | 4 | |a 708.5 |b CAU |2 21 |
| 100 | 0 | |a Causa, Raffaello |e author |9 373969 | |
| 245 | 1 | 0 | |a Museo y galería nacional de Capodimonte |
| 300 | |a 86 p | ||
| 942 | |c BK | ||
| 945 | |d 19961122 00:00:00 |a rleighto | ||
| 260 | |a Madrid |b Codex |c 1967 | ||
| 600 | 0 | 7 | |a BELLINI, GIOVANNI |2 CL-VaPUC |9 333719 |
| 600 | 0 | 7 | |a BOTTICELLI, SANDRO |2 CL-VaPUC |9 342252 |
| 600 | 0 | 7 | |a TIZIANO |2 CL-VaPUC |9 345044 |
| 600 | 0 | 7 | |a RIVERA, JOSE DE |2 CL-VaPUC |9 373970 |
| 600 | 0 | 7 | |a LOTTO, LORENZO |2 CL-VaPUC |9 350062 |
| 600 | 0 | |a Mantegna, Andrea, |d 1431-1506 |9 266099 | |
| 600 | 0 | 7 | |a SANZIO, RAPHAEL |2 CL-VaPUC |9 342333 |
| 650 | 0 | |a Museos de arte |9 265235 | |
| 650 | 7 | |a GALERIAS DE ARTE |2 CL-VaPUC |9 373971 | |
| 650 | 0 | |a Obras de arte |9 337253 | |
| 650 | 0 | |a Colecciones artísticas |9 348038 | |
| 650 | 0 | |a Escultura |9 265737 | |
| 650 | 0 | |a Pintura |9 265046 | |
| 650 | 0 | |a Pintores |9 265963 | |
| 583 | |a last modification |c 19961122 00:00:00 |k Rodrigo Vera | ||
| 490 | 0 | |a <El >Mundo de los Museos | |
| 999 | |c 253902 |d 253900 | ||
| 952 | |0 0 |1 0 |4 0 |6 708_500000000000000_CAU_1967 |7 0 |8 A |9 275071 |a BIBARQ |b BIBARQ |d 2019-11-19 |i 3251977 |o 708.5 CAU 1967 |p 3251977 |r 2025-01-20 |w 2019-11-19 |y BK |k ARQ | ||